Normal view
MARC view
- Shuaib
Entry Personal Name
001 - CONTROL NUMBER
- control field: 48028
003 - CONTROL NUMBER IDENTIFIER
- control field: NUST
005 - DATE AND TIME OF LATEST TRANSACTION
- control field: 20210314133944.0
008 - FIXED-LENGTH DATA ELEMENTS
- fixed length control field: 210314|| aca||aabn | a|a d
040 ## - CATALOGING SOURCE
- Original cataloging agency: NUST
- Transcribing agency: NUST
100 ## - HEADING--PERSONAL NAME
- Personal name: Shuaib
670 ## - SOURCE DATA FOUND
- Source citation: Work cat.: (NUST): Shuaib., Comparison of cone penetrometer and vane shear test for assessment of trafficability., 21-04-2004
